| 000 | 00620nam a2200229 a 4500 | ||
|---|---|---|---|
| 001 | BRCA_8293 | ||
| 005 | 20190320210220.0 | ||
| 008 | 130614t1958----nyu####g##---#000-0#eng-# | ||
| 041 | _aeng | ||
| 044 | _anyu | ||
| 050 | 4 |
_aHG171 _b.R36 1958 |
|
| 100 | 1 |
_aRand, Clayton _920706 |
|
| 245 | 1 | 0 |
_aThe world is mine _cClayton Rand and Robert Smitley. |
| 260 |
_aNueva York _bFleet Publishing & Co. _c1958 |
||
| 300 |
_a380 p. _c21 cm. |
||
| 500 | _aS98 | ||
| 650 | 1 | 4 |
_aFinanzas _vLiteratura _920707 |
| 650 | 1 | 4 |
_aEconomÃa _xHistoria _920708 |
| 700 | 1 |
_aSmitley, Robert _ecoaut. _920709 |
|
| 902 | _aGFM | ||
| 942 |
_2lcc _cB |
||
| 999 |
_c7961 _d7961 |
||